Responses for Show #8815 - Friday, February 24, 2023

2023 High School Reunion Tournament quarterfinal game 5.

Contestants

[<< previous game]

Isabella Pagano, a first-year student at Caltech from Libertyville, Illinois

Ryan Presler, a senior at Brandon Valley High School from Sioux Falls, South Dakota

Jackson Jones, a junior at Vanderbilt University from Louisville, Kentucky

[next game >>]

Jeopardy! Round responses

VERY ARTISTIC
HITS OF THEN & NOW
(Mayim: "THEN" being when you were contestants the first time.)
A GOVERNMENT OFFICE
HOMOPHONES
I LIKE TO SCIENCE!
GET READY FOR THE "G-R-E"s
(Mayim: Each response begins with those three letters.)
    $200 29
Homer Simpson

Jackson
    $200 30
Billie Eilish

Jackson
    $200 27
Miami

Jackson
    $200 28
a pole/poll

Jackson
    $200 24
(Ryan: Who is Russell?)

Hawking

JacksonRyan
    $200 26
Greyhound

Ryan
    $400 18
Michelangelo

Jackson
    $400 15
Kendrick Lamar

Isabella
    $400 21
the heart

Ryan
    $400 25
birth/berth

Jackson
    $400 22
George Washington Carver

Jackson
    $400 23
gregarious

Ryan
    $600 17
(Jackson: What is the Song Dynasty?)

the Ming Dynasty

JacksonIsabella
    $600 12
"thank u, next"

Isabella
    $600 14
the Postal Service

Ryan
    $600 20
a caste/cast

Jackson
    $2,600 11
Jane Goodall

Jackson
    $600 16
(Isabella: What is the $1 bill?)

the Great Seal

JacksonIsabella
    $800 2
the Mona Lisa

Isabella
    $800 9
Steve Lacy

Jackson
    $800 4
literacy

Isabella
    $800 19
a gait/gate

Jackson
    $800 10
Tesla

Jackson
    $800 7
grenadine

Isabella
    $1000 1
[Isabella picked first.]

Rodin

Jackson
    $1000 8
Travis Scott

Ryan
    $1000 3
Austria

Ryan
    $1000 13
wrest/rest

Ryan
    $1000 5
Pasteur

Isabella
    $1000 6
Grendel

Ryan

Scores at the first commercial break (after clue 15):

Jackson Ryan Isabella
$5,200 $4,600 $4,400

Scores at the end of the Jeopardy! Round:

Jackson Ryan Isabella
$8,800 $5,400 $4,400

Double Jeopardy! Round responses

LITERARY REUNIONS
SHORT, TINY & SMALL
DESCRIBING THE HORROR FILM FRANCHISE
WORLD GEOGRAPHY
STARTS & ENDS WITH THE SAME VOWEL
BLACK HISTORY
    $400 19
(Jackson: What is a peacock?)
(Isabella: What is a cyclops?)

his dog

JacksonIsabella
Triple Stumper
    $400 30
(Mayim: Yes, it's just delightful, isn't it?)

a piccolo

Isabella
    $400 27
Friday the 13th

Ryan
    $400 26
the Amazon

Ryan
    $400 29
(Isabella: What is Alleluia?)

an oratorio

JacksonIsabella
    $400 22
(Jackson: What is discrimination?)

a boycott

Jackson
Triple Stumper
    $800 18
Christmas

Isabella
    $800 28
(Mayim: They are delicious; that's what they are.)

gnocchi

Jackson
    $800 25
Alien

Isabella
    $800 17
Mount Denali

Isabella
    $800 20
Othello

Jackson
    $800 21
Michigan

Ryan
    $3,600 6
(Jackson: Who is Emma?)

Jane Eyre

Jackson
    $1200 16
a hummingbird

Jackson
    $1200 24
Saw

Ryan
    $1200 11
the Tigris & the Euphrates

Isabella
    $1200 13
the Illuminati

Jackson
    $1200 4
HBCUs (historically black colleges & universities)

Ryan
    $1600 1
Sally Rooney

Isabella
    $1600 15
Bhutan

Isabella
    $1600 23
The Purge

Isabella
    $3,800 3
the Kalahari

Jackson
    $1600 10
Uluru

Ryan
    $1600 8
the Great Migration

Jackson
    $2000 2
Philip Roth

Jackson
    $2000 14
(Jackson: What is Henry?)
(Isabella: What is George?)

Edward V

JacksonIsabella
Triple Stumper
    $2000 12
(Isabella: We're not going back there.)
[Laughter]

Final Destination

Triple Stumper
    $2000 5
Tbilisi

Jackson
    $2000 9
(Jackson: What is eucariocyte?)

an erythrocyte

Jackson
Triple Stumper
    $2000 7
Phillis Wheatley

Jackson

Scores at the end of the Double Jeopardy! Round:

Jackson Ryan Isabella
$16,200 $11,000 $10,400

[wagering suggestions for these scores]

Final Jeopardy! Round responses

THE ANCIENT WORLD
(Mayim: [To Ryan] Home to the famous Library of [*].)
IsabellaWhat is Athens?
$0
RyanWhat is Alexandria?
$9,801
JacksonWhat is [letter or two scribbled over] Alexandria?
$5,801
Alexandria

Final scores:

Jackson Ryan Isabella
$22,001 $20,801 $10,400
Winner: semifinalist 2nd place: $5,000 3rd place: $5,000

Game dynamics:

Coryat scores:

Jackson Ryan Isabella
$15,600 $11,000 $10,400
25 R
(including 2 DDs),
6 W
(including 1 DD)
14 R,
1 W
15 R,
4 W

Combined Coryat: $37,000

[game clues] [game scores] [suggest correction]

Game tape date: 2023-01-29
The J! Archive is created by fans, for fans. Scraping, republication, monetization, and malicious use prohibited; this site may use cookies and collect identifying information. See terms. The Jeopardy! game show and all elements thereof, including but not limited to copyright and trademark thereto, are the property of Jeopardy Productions, Inc. and are protected under law. This website is not affiliated with, sponsored by, or operated by Jeopardy Productions, Inc. Join the discussion at JBoard.tv.